LEADER 04157nam 2201129z- 450 001 9910557792803321 005 20220111 035 $a(CKB)5400000000045460 035 $a(oapen)https://directory.doabooks.org/handle/20.500.12854/76307 035 $a(oapen)doab76307 035 $a(EXLCZ)995400000000045460 100 $a20202201d2021 |y 0 101 0 $aeng 135 $aurmn|---annan 181 $ctxt$2rdacontent 182 $cc$2rdamedia 183 $acr$2rdacarrier 200 00$aDiagnostic Challenges in Sports Cardiology 210 $aBasel, Switzerland$cMDPI - Multidisciplinary Digital Publishing Institute$d2021 215 $a1 online resource (169 p.) 311 08$a3-0365-1203-9 311 08$a3-0365-1202-0 330 $aThe foundations of sports cardiology include promoting physical activity and providing a safe environment for training and competition for all athletes at all levels, from professional to recreational. To combine these two aims, reliable tools to perform preparticipation screenings are needed. Moreover, those at high risk of potentially life-threatening events should be advised to limit their training load, while others should be reassured that there is no exercise-related cardiovascular risk. We are currently witnessing the advent of new portable devices for remote and mobile heart monitoring and several new and promising biochemical markers, which can support athletes' diagnostic processes. In this Special Issue of the Diagnostics journal entitled "Diagnostic Challenges in Sports Cardiology", we present a series of 13 manuscripts, including eight original works, three reviews, and two case reports, which give a glimpse into the current research topics in the area of sports cardiology. 606 $aMedicine$2bicssc 610 $aadaptive changes 610 $aamateur 610 $aanabolic androgenic steroids 610 $aarrhythmia 610 $aasymptomatic preexcitation 610 $aathlete 610 $aathletes 610 $aathletes' hearts 610 $aautonomic nervous system 610 $aAVNRT 610 $abiomarkers 610 $ablood tests 610 $acaffeine 610 $aCardiac 31P-MR spectroscopy 610 $acardiac fibrosis 610 $acardiac hypertrophy 610 $acardiac magnetic resonance imaging 610 $acardiovascular capacity 610 $acatecholaminergic polymorphic ventricular tachycardia 610 $aCPVT 610 $across-country skiing amateur 610 $acycling 610 $adiet 610 $aECG 610 $aechocardiography 610 $aelectrocardiogram 610 $aendurance running 610 $aendurance sport 610 $aendurance training 610 $aexercise 610 $aexertion cardiac arrhythmia 610 $aexertion rhythm disorders 610 $agenetic testing 610 $aheart 610 $aheart disease 610 $aheart rate 610 $aheart rate monitor 610 $aheart rate variability 610 $aHolter ECG 610 $aHRM 610 $along-term assessment 610 $amagnetic resonance imaging 610 $amarathon 610 $amicroRNA 610 $amodern pentathlon 610 $amodern penthatlon 610 $an/a 610 $aperformance 610 $aphysiological state 610 $aportable/wearable monitoring system 610 $aprofessional ultramarathon runner 610 $aQARDIO MD system 610 $areliability 610 $arepeatability 610 $arespiratory rate 610 $arisk factor 610 $arunners 610 $arunning 610 $asports cardiology 610 $asudden cardiac arrest 610 $atriathlon 610 $atroponin 610 $avegan 610 $aWPW 615 7$aMedicine 700 $aMalek$b Lukasz$4edt$01326216 702 $aPostu?a$b Marek$4edt 702 $aMalek$b Lukasz$4oth 702 $aPostu?a$b Marek$4oth 906 $aBOOK 912 $a9910557792803321 996 $aDiagnostic Challenges in Sports Cardiology$93037165 997 $aUNINA LEADER 07678nam 22008175 450 001 9910484653303321 005 20251226203506.0 010 $a3-642-13193-X 024 7 $a10.1007/978-3-642-13193-6 035 $a(CKB)2670000000017279 035 $a(SSID)ssj0000446460 035 $a(PQKBManifestationID)11249935 035 $a(PQKBTitleCode)TC0000446460 035 $a(PQKBWorkID)10496101 035 $a(PQKB)10302963 035 $a(DE-He213)978-3-642-13193-6 035 $a(MiAaPQ)EBC3065241 035 $a(PPN)149073046 035 $a(BIP)30400761 035 $a(EXLCZ)992670000000017279 100 $a20100427d2010 u| 0 101 0 $aeng 135 $aurnn|008mamaa 181 $ctxt 182 $cc 183 $acr 200 10$aExperimental Algorithms $e9th International Symposium, SEA 2010, Ischia Island, Naples, Italy, May 20-22, 2010. Proceedings /$fedited by Paola Festa 205 $a1st ed. 2010. 210 1$aBerlin, Heidelberg :$cSpringer Berlin Heidelberg :$cImprint: Springer,$d2010. 215 $a1 online resource (XII, 514 p. 126 illus.) 225 1 $aTheoretical Computer Science and General Issues,$x2512-2029 ;$v6049 300 $aBibliographic Level Mode of Issuance: Monograph 311 08$a3-642-13192-1 320 $aIncludes bibliographical references and index. 327 $aInvited Papers -- Experimental Study of Resilient Algorithms and Data Structures -- Computational Challenges with Cliques, Quasi-cliques and Clique Partitions in Graphs -- Contributed Regular Papers -- Alternative Routes in Road Networks -- Fully Dynamic Speed-Up Techniques for Multi-criteria Shortest Path Searches in Time-Dependent Networks -- Space-Efficient SHARC-Routing -- A New Fully Dynamic Algorithm for Distributed Shortest Paths and Its Experimental Evaluation -- Contraction of Timetable Networks with Realistic Transfers -- Distributed Time-Dependent Contraction Hierarchies -- Practical Compressed Suffix Trees -- Maximum Cliques in Protein Structure Comparison -- Exact Bipartite Crossing Minimization under Tree Constraints -- Bit-Parallel Search Algorithms for Long Patterns -- Fast FPT Algorithms for Computing Rooted Agreement Forests: Theory and Experiments -- Experimental Evaluation of Approximation and Heuristic Algorithms for Sorting Railway Cars -- Time-Dependent Contraction Hierarchies and Approximation -- A New Combinational Logic Minimization Technique with Applications to Cryptology -- Randomized Rounding for Routing and Covering Problems: Experiments and Improvements -- The Time Dependent Traveling Salesman Problem: Polyhedra and Branch-Cut-and-Price Algorithm -- An Approximate ?-Constraint Method for the Multi-objective Undirected Capacitated Arc Routing Problem -- A Branch-and-Price Algorithm for Multi-mode Resource Leveling -- Experiments with a Generic Dantzig-Wolfe Decomposition for Integer Programs -- Using Bound Sets in Multiobjective Optimization: Application to the Biobjective Binary Knapsack Problem -- Improving Cutting Plane Generation with 0-1 Inequalities by Bi-criteria Separation -- New Lower Bounds for the Vehicle Routing Problem with Simultaneous Pickup andDelivery -- A Metaheuristic for a Two Echelon Location-Routing Problem -- New Fast Heuristics for the 2D Strip Packing Problem with Guillotine Constraint -- An Experimental Comparison of Different Heuristics for the Master Bay Plan Problem -- An Analysis of Heuristics for Vertex Colouring -- Automatic Tuning of GRASP with Path-Relinking Heuristics with a Biased Random-Key Genetic Algorithm -- Experiments with a Feasibility Pump Approach for Nonconvex MINLPs -- Paging Multiple Users in Cellular Network: Yellow Page and Conference Call Problems -- Realtime Classification for Encrypted Traffic -- Data Propagation with Guaranteed Delivery for Mobile Networks -- Data Structures Resilient to Memory Faults: An Experimental Study of Dictionaries -- Experiments on Union-Find Algorithms for the Disjoint-Set Data Structure -- Policy-Based Benchmarking of Weak Heaps and Their Relatives, -- Modularity-Driven Clustering of Dynamic Graphs -- Gateway Decompositions for Constrained Reachability Problems -- Robust and Efficient Delaunay Triangulations of Points on Or Close to a Sphere -- Fault Recovery in Wireless Networks: The Geometric Recolouring Approach -- Geometric Minimum Spanning Trees with GeoFilterKruskal -- Practical Nearest Neighbor Search in the Plane. 330 $aThis proceedings volume contains the invited papers and the contributed papers th accepted for presentation at the 9 International Symposium on Experimental Algorithms (SEA 2010), that was held at the Continental Terme Hotel, Ischia (Naples), Italy, during May 20-22, 2010. PrevioussymposiaoftheserieswereheldinRiga(2001),MonteVerita(2003), RiodeJaneiro(2004),Santorini(2005),Menorca(2006),Rome(2007),CapeCod (2008), and Dortmund (2009). Seventy-three papers were submitted by researchers from 19 countries. Each paper was reviewed by three experts among the Program Committee members and some trusted external referees. At least two reviewers were from the same or closely related discipline as the authors. The reviewers generally provided a high-quality assessment of the papers and often gave extensive comments to the authors for the possible improvement of the presentation. The submission and review process was supported by the ConfTool conference management software and we are thankful to Harald Weinreich for letting us use it. The Program Committee selected 40 regular papers for presentation at the conference. In addition to the 40 contributed papers, this volume includes two invitedpapersrelatedtocorrespondingkeynotetalks:GiuseppeF.Italiano(U- versity of Rome "Tor Vergata,"Italy)spoke on "ExperimentalStudy of Resilient Algorithms and Data Structures" and PanosM. Pardalos(University of Florida, USA) spoke on "Computational Challenges with Cliques, Quasi-Cliques and Clique Partitions in Graphs." Many people and organizations contributed to SEA 2010. We are parti- larlygrateful for the patronageand ?nancial support of the University of Naples "FedericoII"andtheDepartmentofMathematicsandApplications"R.Cacci- poli,"and for the ?nancial support of GNCS (Gruppo Nazionale per il Calcolo Scienti'co) - INdAM (Istituto Nazionale di Alta Matematica). 410 0$aTheoretical Computer Science and General Issues,$x2512-2029 ;$v6049 606 $aComputer programming 606 $aAlgorithms 606 $aArtificial intelligence 606 $aApplication software 606 $aComputer networks 606 $aInformation storage and retrieval systems 606 $aProgramming Techniques 606 $aAlgorithms 606 $aArtificial Intelligence 606 $aComputer and Information Systems Applications 606 $aComputer Communication Networks 606 $aInformation Storage and Retrieval 615 0$aComputer programming. 615 0$aAlgorithms. 615 0$aArtificial intelligence. 615 0$aApplication software. 615 0$aComputer networks. 615 0$aInformation storage and retrieval systems. 615 14$aProgramming Techniques. 615 24$aAlgorithms. 615 24$aArtificial Intelligence. 615 24$aComputer and Information Systems Applications. 615 24$aComputer Communication Networks. 615 24$aInformation Storage and Retrieval. 676 $a005.1 701 $aFesta$b Paola$0749574 712 12$aSEA 2010 801 0$bMiAaPQ 801 1$bMiAaPQ 801 2$bMiAaPQ 906 $aBOOK 912 $a9910484653303321 996 $aExperimental algorithms$94184680 997 $aUNINA